Регионална библиотека "Любен Каравелов" - Русе

Патила и радости (Запис номер 99796)

MARC детайли
000 -Лидер
Контролно поле с фиксирана дължина 01755nam a2200385 c 4500
003 - Код на организацията, давaща контролен номер
Контролно поле BLK
005 - Дата и час на последна редакция
Контролно поле 20180422105306.0
008 - Елементи от данни с фиксирана дължина
fixed length control field 180409b bul|||||r ||||||| ||bul||
010 ## - Наследен системен номер
LC control number KNG00104812000
020 ## - Международен стандартен номер на книга ISBN
Международен стандартен номер на книга ISBN 954-90735-5-6
-- издат.: Тих-Ивел
040 ## - Източник на каталожния запис
Идентификатор на билиотеката - собственик на записа BLK
041 ## - Код за език
Код за езика на текст/звукозапис или на отделно заглавие Български
Код за езика КДБФ Български
080 ## - УДК
Текстов определител УДК Българска литература
УДК код - определител по УДК 821.163.2
УДК определител -94
УДК - код + определител 821.163.2-94
080 ## - УДК
Текстов определител УДК Българска литература
УДК код - определител по УДК 821.163.2
УДК определител .09(092)(093.3)
УДК - код + определител 821.163.2.09(092)(093.3)
080 ## - УДК
Текстов определител УДК Вътрешна политика. Вж и 329
УДК код - определител по УДК 323
УДК определител (497.2)(093.3)
УДК - код + определител 323(497.2)(093.3)
080 ## - УДК
Текстов определител УДК Български писател и журналист
УДК код - определител по УДК 929 Василев, Йордан
УДК определител
УДК - код + определител 929 Василев, Йордан
100 1# - Редна дума - Автор
Автор Василев, Йордан Асенов
Авторска отговорност първи автор
R(LIN) 364747
139 ## - Редно поле
Редна дума Василев, Йордан Асенов
Авторски знак Васи - В 24
245 10 - Сведения за заглавието
Заглавие Патила и радости
Подзаглавни данни Спомени, свидетелства, сюжети, сбогувания,споделяния, снимки, срещи
Редно поле (дума) Йордан Асенов Василев.
257 ## - Страна на издаване
Страна на създаване/издаване България
260 ## - Област на издателските данни
-- София
Име на издателя, разпространителя и проч. Тих-Ивел
Година на издаване 2002
300 ## - Физическа характеристика
Страници 394 с.
Илюстрации и др. с портр., факс.
Размери/Мащаб 23 см
380 ## - Жанр
Жанр Худож. лит.
600 14 - Име на лице, използвано като предмет
За него / За нея Василев, Йордан Асенов
9 (RLIN) 364747
650 #4 - Допълнително описание по предмет – тема
Основно описание – тема или топоним Писатели, български - спомени
9 (RLIN) 243093
650 #4 - Допълнително описание по предмет – тема
Основно описание – тема или топоним България - вътрешна политика - след 9.IХ.1944 г.
9 (RLIN) 261429
653 ## - Ключова дума – ненормативна
Ключова дума български писатели
653 ## - Ключова дума – ненормативна
Ключова дума спомени
653 ## - Ключова дума – ненормативна
Ключова дума Йордан Василев
852 ## - Местоположение
Форматна сигнатура Цб 213687
856 4# - Електронен адрес и достъп
Електронен формат pdf - файл
Път до файла /url/
856 4# - Електронен адрес и достъп
Електронен формат pdf - файл
Път до файла /url/
942 ## - АРТИКУЛИ
Вид на библиотечния материал Книги
Скрит в OPAC Не
944 ## - СЪЗДАВАНЕ И РЕДАКЦИЯ на ЗАПИСА
Създаване/Редакция Създаване
Дата на регистрацията/редакция 01.01.2002
Служител, извършил регистрацията/редакцията Валя_Йорданова
944 ## - СЪЗДАВАНЕ И РЕДАКЦИЯ на ЗАПИСА
Създаване/Редакция Редакция
Дата на регистрацията/редакция 02.03.2004
Служител, извършил регистрацията/редакцията
999 ## - СИСТЕМНИ КОНТРОЛНИ НОМЕРА
Koha biblionumber 99796
Koha biblioitemnumber 99796
Наличности
Код за отписване Код за изгубен артикул Код за повреда Коз за рестрикции Код за отдаване Артикулен № Име на библиотеката - собственик Име на библиотеката, в която се намира в момента Статус (Текущо местоположение) Дата на вписване в системата Местоположение - отдел Цена в лева Инвентарен номер Систематично азбучна сигнатура Баркод Номер на екземпляра Цена в евро Служебна бележка Служебен тип на артикула
Изтеглен Не е изгубен Не е повреден без рестрикции заемане за дома 160775 Регионална библиотека "Любен Каравелов" Русе Регионална библиотека "Любен Каравелов" Русе Заемна - подръчен фонд 2003-01-20 Заемна - подръчен фонд 8.00 120000674219 П 886.7-9/В 24 120000674219 1 4.09 Дост: Pk Вид: Ф N: 2 Дата: 20.01.2003 Дата инв: 14.02.2018 Бележки инв: П2018 Книги
  Не е изгубен Не е повреден без рестрикции ползва се в читалня 160776 Регионална библиотека "Любен Каравелов" Русе Регионална библиотека "Любен Каравелов" Русе Хранилище 2004-01-09 Хранилище 8.00 120000681586 Цб 213687 120000681586 2 4.09 Дост: Dp Вид: Д N: 3 Дата: 03.01.2003 Книги
Vip Innovations Ltd, Rousse, Bulgaria 2025